| 000 | 00674nas a22001937a 4500 | ||
|---|---|---|---|
| 001 | K121231 | ||
| 007 | ta | ||
| 008 | 200319b2020 ||||| |||| 00| 0 eng d | ||
| 041 | _aeng | ||
| 100 | _aBranson, Adam | ||
| 245 | _aIs this the future of housing? | ||
| 260 | _c2020 | ||
| 490 |
_aRICS Modus _vMarch 2020, 20-24(5) |
||
| 520 | _aExamines whether generational co-living could help to ease rising housing costs, expensive childcare and a lack of elderly social care quoting examples of schemes already in action and research on the topic. | ||
| 650 | _aHOUSING | ||
| 650 | _aGENERATIONAL CO-LIVING | ||
| 651 | _aUnited Kingdom | ||
| 690 |
_96266 _aResidential property |
||
| 999 |
_c121231 _d121231 |
||